LEADER 00849nam0-22003011i-450- 001 990003925250403321 005 20080214084625.0 010 $a88-317-8018-2 035 $a000392525 035 $aFED01000392525 035 $a(Aleph)000392525FED01 035 $a000392525 100 $a20030910d2002----km-y0itay50------ba 101 0 $aita 102 $aIT 200 1 $aAmministrare l'ambiente$eLa gestione di un capitale dinamico$fMoriani, Gianni 210 $aVenezia$cMarsilo editori$d2002 215 $a174 p 610 0 $aSviluppo sostenibile$aOrdinamento comunitario 676 $a048.003 700 1$aMoriani,$bGianni$032382 801 0$aIT$bUNINA$gRICA$2UNIMARC 901 $aBK 912 $a990003925250403321 952 $a048.003.MOR.01$b4355$fDECGE 959 $aDECGE 996 $aAmministrare l'ambiente$9512158 997 $aUNINA LEADER 01229cam0-22004451i-450- 001 990000849750403321 005 20070618143240.0 035 $a000084975 035 $aFED01000084975 035 $a(Aleph)000084975FED01 035 $a000084975 100 $a20020821d1968----km-y0itay50------ba 101 0 $aita 102 $aIT 105 $ay-------001yy 200 1 $aLezioni di topologia generale$fV. Checcucci, A. Tognoli, E. Vesentini 210 $aMilano$cFeltrinelli$d1968 215 $a242 p.$d22 cm 225 1 $aCollana di matematica$v5 610 0 $aLezioni di topologia generale 610 0 $aTopologia$aManuali 676 $a514.322 676 $a514 700 1$aCheccucci,$bVittorio$041880 701 1$aVesentini,$bEdoardo$07322 701 1$aTognoli,$bAlberto$f<1937- >$055561 801 0$aIT$bUNINA$gRICA$2UNIMARC 901 $aBK 912 $a990000849750403321 952 $a02 22 E 22$b4490$fFINBN 952 $a02 22 E 23$b4491$fFINBN 952 $a28-I-18$b7705$fMA1 952 $a28-L-14$b7692$fMA1 952 $a08 LL 32$fDINED 959 $aFINBN 959 $aMA1 959 $aDINED 962 $a54-01 996 $aLezioni di topologia generale$9346200 997 $aUNINA